Statistics for Indianapolis City Trivia

Click here to take the quiz!

General Stats

  • This quiz has been taken 34 times
  • The average score is 10 of 18

Answer Stats

HintAnswer% Correct
Name of the NFL team of IndianapolisIndianapolis Colts
97%
Name of the NBA team of IndianapolisIndiana Pacers
87%
Name of the all-time leading passer in that team's historyPeyton Manning
80%
Famous auto race held since 1911The Indianapolis 500
80%
Closest major cities to IndianapolisCincinnati
73%
Name which Indianapolis is colloquially known asIndy
67%
"Slaughterhouse-Five" authorKurt Vonnegut
63%
Closest major cities to IndianapolisLouisville
63%
Name of that team's all-time leading scorerReggie Miller
57%
Iconic singer who performed his final live concert at the now-demolished
Market Square Arena in Indianapolis in 1977
Elvis Presley
53%
"Colorful" river in which Indianapolis is locatedWhite River
40%
Star of the "Great Escape" and "Bullitt" whose was raised in IndianapolisSteve McQueen
40%
First U.S. president to visit IndianapolisAbraham Lincoln
37%
Gentlemanly bank robber shot by federal agents in 1934John Dillinger
37%
Largest Indianapolis suburb, has around 128 roundaboutsCarmel
33%
Founder of an Indianapolis-based pharmaceutical companyEli Lilly
27%
One of the nicknames of Indianapolis, thought to be a dig at its sleepy reputation{Nap}town
23%
Indianapolis replaced this little town in southern Indiana as the state's
capital in 1816
{Cory}don
17%

Score Distribution

Percentile by Number Answered

Percent of People with Each Score

Your Score History

You have not taken this quiz